[Event "IECC CL1-2002.18"]
[Site "IECC email"]
[Date "2002.09.29"]
[Round "?"]
[White "Brousek, Jiri"]
[Black "Zohar, Noam"]
[Result "1-0"]
[WhiteElo "2287"]
[BlackElo "1954"]
[PlyCount "101"]
[EventDate "2002.??.??"]
[EventType "tourn (corr)"]
[EventRounds "4"]
[SourceTitle "Corr 2008"]
[Source "ChessBase"]
[SourceDate "2008.06.24"]
[SourceVersion "1"]
[SourceVersionDate "2008.06.24"]
[SourceQuality "1"]

1. d4 Nf6 2. Nf3 c5 3. d5 b5 4. c4 Bb7 5. Nbd2 g6 6. e4 Bg7 7. cxb5 0-0 8. Bd3 d6 9. 0-0 a6 10. Re1 Nbd7 11. Qe2 Qc8 12. a4 axb5 13. Bxb5 Ba6 14. Bxa6 Qxa6 15. Qxa6 Rxa6 16. a5 Rb8 17. Ra3 Ng4 18. h3 Nge5 19. Nxe5 Nxe5 20. f4 Nd7 21. Nc4 Rb4 22. b3 Bc3 23. Re2 Nf6 24. Kf2 Ne8 25. Bd2 Bxd2 26. Rxd2 Nc7 27. Rd3 Nb5 28. Ra4 Rxa4 29. bxa4 Nd4 30. e5 Kf8 31. g4 h6 32. Ke3 Ke8 33. Ke4 Kd7 34. f5 gxf5+ 35. gxf5 dxe5 36. Nxe5+ Kc7 37. Nxf7 Rxa5 38. Rc3 h5 39. Rc4 Kd7 40. Ne5+ Kc7 41. Nd3 Kd6 42. Nb2 Kc7 43. Rc3 Ne2 44. Rc2 Nd4 45. Rg2 Nb3 46. Ke5 Nd4 47. Rg7 Kd8 48. Rg8+ Kc7 49. Rh8 Nf3+ 50. Kf4 c4 51. f6 1-0

[Event "IECC CL1-2002.18"]
[Site "IECC email"]
[Date "2002.09.29"]
[Round "?"]
[White "Zohar, Noam"]
[Black "Converset, Juan Jose"]
[Result "1/2-1/2"]
[WhiteElo "1946"]
[BlackElo "2249"]
[PlyCount "81"]
[EventDate "2002.??.??"]
[EventType "tourn (corr)"]
[EventRounds "4"]
[SourceTitle "Corr 2008"]
[Source "ChessBase"]
[SourceDate "2008.06.24"]
[SourceVersion "1"]
[SourceVersionDate "2008.06.24"]
[SourceQuality "1"]

1. Nf3 Nf6 2. g3 g6 3. Bg2 Bg7 4. 0-0 0-0 5. d3 d6 6. c4 e5 7. Nc3 Nbd7 8. Rb1 a5 9. Qc2 Nc5 10. Be3 Ne6 11. h3 Nh5 12. Qd2 f5 13. Bh6 Bxh6 14. Qxh6 f4 15. g4 Nhg7 16. Rbd1 Rf5 17. e4 Rf6 18. Nd5 Rf7 19. d4 exd4 20. Nxd4 c6 21. Nc3 Qb6 22. Nxe6 Bxe6 23. b3 Qb4 24. Rd3 a4 25. Nxa4 Bxc4 26. Rd4 b5 27. Nb6 Qc5 28. bxc4 Qxd4 29. Nxa8 bxc4 30. Rb1 Qa7 31. e5 d5 32. Nb6 Qxa2 33. Rf1 c3 34. Nc8 Qa3 35. Qh4 Ne6 36. Nd6 Rf8 37. Qe7 Nd4 38. Qd7 c2 39. Ne8 Rxe8 40. Qxe8+ Qf8 41. Qd7 1/2-1/2

[Event "IECC CL2-2001.33"]
[Site "IECC email"]
[Date "2001.09.23"]
[Round "?"]
[White "Zohar, Noam"]
[Black "McLeod, Sylvester"]
[Result "1-0"]
[WhiteElo "1877"]
[BlackElo "2003"]
[PlyCount "77"]
[EventDate "2001.??.??"]
[EventType "tourn (corr)"]
[EventRounds "4"]
[SourceTitle "Corr 2008"]
[Source "ChessBase"]
[SourceDate "2008.06.24"]
[SourceVersion "1"]
[SourceVersionDate "2008.06.24"]
[SourceQuality "1"]

1. Nf3 Nf6 2. g3 d5 3. Bg2 e6 4. 0-0 Be7 5. d3 c5 6. c4 Nc6 7. a3 a5 8. b3 a4 9. Nc3 axb3 10. Qxb3 0-0 11. Nb5 dxc4 12. dxc4 e5 13. Rd1 Qa5 14. Bb2 Nd4 15. Nfxd4 cxd4 16. e3 dxe3 17. Qxe3 Ng4 18. Qe2 Bc5 19. Rf1 f6 20. Rad1 Qb6 21. Nc3 Bf5 22. Bd5+ Kh8 23. Ne4 Ra4 24. Nxc5 Qxc5 25. h3 Nh6 26. Kh2 Bg6 27. f4 exf4 28. Rxf4 b5 29. Qf3 Ng8 30. Bd4 Qc7 31. cxb5 Qc2+ 32. Kh1 Rxa3 33. Qxa3 Qxd1+ 34. Kh2 Re8 35. Qc5 Re2+ 36. Bg2 Qd3 37. b6 Be4 38. Bf2 Bxg2 39. Kxg2 1-0

[Event "IECC CL3-2000.43"]
[Site "IECC email"]
[Date "2000.08.11"]
[Round "?"]
[White "Renette, Hans"]
[Black "Zohar, Noam"]
[Result "0-1"]
[WhiteElo "1924"]
[BlackElo "1840"]
[PlyCount "38"]
[EventDate "2000.??.??"]
[EventType "tourn (corr)"]
[EventRounds "4"]
[SourceTitle "Corr 2008"]
[Source "ChessBase"]
[SourceDate "2008.06.24"]
[SourceVersion "1"]
[SourceVersionDate "2008.06.24"]
[SourceQuality "1"]

1. d4 Nf6 2. Nf3 g6 3. g3 Bg7 4. Bg2 0-0 5. 0-0 d6 6. b3 e5 7. dxe5 dxe5 8. Bb2 e4 9. Nd4 e3 10. f3 c5 11. Nb5 Nc6 12. a4 a6 13. Nd6 Nd4 14. Nxc8 Qxc8 15. c3 Nf5 16. Bh3 Rd8 17. Qc1 Nxg3 18. Kg2 Nxe2 19. Qxe3 Nd5 0-1

[Event "IECC CL3-2000.06"]
[Site "IECC email"]
[Date "1999.12.07"]
[Round "?"]
[White "Zohar, Noam"]
[Black "Perz, Martial"]
[Result "0-1"]
[WhiteElo "1825"]
[BlackElo "1882"]
[PlyCount "62"]
[EventDate "2000.??.??"]
[EventType "tourn (corr)"]
[EventRounds "4"]
[SourceTitle "Corr 2008"]
[Source "ChessBase"]
[SourceDate "2008.06.24"]
[SourceVersion "1"]
[SourceVersionDate "2008.06.24"]
[SourceQuality "1"]

1. Nf3 d5 2. g3 Nf6 3. Bg2 c5 4. c4 Nc6 5. d4 dxc4 6. Qa4 cxd4 7. Nxd4 Qxd4 8. Bxc6+ Bd7 9. Be3 Qxb2 10. Bxd7+ Nxd7 11. 0-0 b5 12. Qa5 e6 13. Nd2 a6 14. a4 Bb4 15. Qc7 Bxd2 16. Rfb1 Qe5 17. Qxe5 Nxe5 18. Bxd2 Ke7 19. Bc3 f6 20. f3 Nc6 21. axb5 axb5 22. Rxb5 Rxa1+ 23. Bxa1 Rb8 24. Rxb8 Nxb8 25. Kf2 Kd6 26. g4 Nc6 27. g5 e5 28. f4 fxg5 29. fxg5 Kd5 30. Ke3 Nd4 31. Bb2 g6 0-1

[Event "IECC Swiss email"]
[Site "IECC email"]
[Date "1999.02.27"]
[Round "?"]
[White "Zohar, Noam"]
[Black "Bilsel, Sabahaddin"]
[Result "1/2-1/2"]
[WhiteElo "1823"]
[BlackElo "1951"]
[PlyCount "110"]
[EventDate "1999.??.??"]
[EventType "tourn (corr)"]
[EventRounds "6"]
[SourceTitle "Corr 2008"]
[Source "ChessBase"]
[SourceDate "2008.06.24"]
[SourceVersion "1"]
[SourceVersionDate "2008.06.24"]
[SourceQuality "1"]

1. Nf3 Nf6 2. g3 d5 3. c4 dxc4 4. Qa4+ Nc6 5. Qxc4 Be6 6. Qa4 Bd7 7. Qb3 e5 8. Bg2 Bd6 9. Nc3 0-0 10. d3 Rb8 11. 0-0 Nd4 12. Nxd4 exd4 13. Nb5 Bxb5 14. Qxb5 Qe8 15. Qc4 c5 16. e4 b5 17. Qc2 Qd7 18. b3 Rfe8 19. Bd2 a6 20. f4 Be7 21. Rae1 Rbc8 22. e5 Nd5 23. f5 Ne3 24. Bxe3 dxe3 25. f6 Bd8 26. fxg7 Rxe5 27. Qb2 Bc7 28. b4 cxb4 29. d4 Rg5 30. Rxe3 Bb6 31. Kh1 Qxd4 32. Qxd4 Bxd4 33. Re7 Rd8 34. Rfxf7 Rxg7 35. Rxg7+ Bxg7 36. Bf3 Kf8 37. Re2 Kf7 38. Kg2 Bc3 39. Bb7 a5 40. Bc6 Rb8 41. Kf3 Rb6 42. Bd5+ Kf6 43. Re8 a4 44. Ke4 Kg5 45. Rg8+ Rg6 46. Bf7 Rxg8 47. Bxg8 b3 48. axb3 a3 49. b4 Bxb4 50. Kd3 Bd6 51. Kc2 b4 52. Kb3 h6 53. h4+ Kg4 54. Be6+ Kxg3 55. h5 Kf4 1/2-1/2

[Event "IECC Swiss email"]
[Site "IECC email"]
[Date "1998.11.01"]
[Round "5"]
[White "Zohar, Noam"]
[Black "Dean, Wesley A"]
[Result "0-1"]
[WhiteElo "1838"]
[BlackElo "1988"]
[PlyCount "88"]
[EventDate "1998.??.??"]
[EventType "tourn (corr)"]
[EventRounds "6"]
[SourceTitle "Corr 2008"]
[Source "ChessBase"]
[SourceDate "2008.06.24"]
[SourceVersion "1"]
[SourceVersionDate "2008.06.24"]
[SourceQuality "1"]

1. Nf3 d5 2. g3 Nf6 3. Bg2 c6 4. c4 Bg4 5. d4 e6 6. b3 Bb4+ 7. Bd2 Be7 8. e3 Nbd7 9. h3 Bf5 10. Bc3 0-0 11. 0-0 Ne4 12. Bb2 Rc8 13. Nbd2 Re8 14. Qe2 Qa5 15. Nxe4 Bxe4 16. Rfc1 dxc4 17. bxc4 Qh5 18. Kh2 c5 19. Ng1 Qxe2 20. Nxe2 Bxg2 21. Kxg2 cxd4 22. Bxd4 e5 23. Bb2 Nb6 24. Nc3 Nxc4 25. Nd5 Bg5 26. h4 Be7 27. Rc3 Bf8 28. Rac1 b5 29. e4 Bc5 30. R3c2 a6 31. a4 Nxb2 32. Rxb2 Bd4 33. Rxc8 Rxc8 34. axb5 Bxb2 35. Ne7+ Kf8 36. Nxc8 axb5 37. Nd6 b4 38. Nc4 Bc3 39. Na5 Ke7 40. f4 Kd6 41. Nb3 Kc6 42. Kf3 Kb5 43. fxe5 Bxe5 44. g4 Kc4 0-1